00343nam a2200121Ia 4500008004100000041000800041082001800049100002800067245005400095260002800149365001600177700002800193230718s9999 xx 000 0 und d aeng a658.4092bHAR aHarvard Business School aHarvard Business Review On The Mind Of The Leader bHarvard Business Review cRs.b595.00 aHarvard Business School